| 000 | 00486nam a2200193Ia 4500 | ||
|---|---|---|---|
| 003 | OSt | ||
| 005 | 20220514112829.0 | ||
| 008 | 210210b2004 xxu||||| |||| 00| 0 eng d | ||
| 040 |
_aAL _c |
||
| 041 | _aEnglish | ||
| 082 | _a657.46 MEHB | ||
| 100 |
_aMEHROTRA (H C). _936976 |
||
| 245 | _aBusiness taxation II: for final year Bcom degree | ||
| 260 |
_aAgra _bSahitya Bhavan _c2004 |
||
| 300 | _a223,x | ||
| 690 |
_aBusiness Taxation _936977 |
||
| 906 | _a059518 | ||
| 942 |
_2ddc _cBK |
||
| 999 |
_c106759 _d106759 |
||